Miasta Europy zamieszkujące milion i więcej mieszkańców - Statystyki

Ogólne statystyki
  • Ten quiz został rozwiązany 250 razy
  • Średni wynik to 24 z 33
Statystyki odpowiedzi
Liczba mieszkańców Kraj Miasto % Poprawnych
1 792 718 PL Warszawa
99%
8 825 001 GB Londyn
98%
12 655 050 RU Moskwa
98%
2 165 423 FR Paryż
98%
2 860 009 IT Rzym
98%
2 967 360 UA Kijów
97%
15 840 900 TR Stambuł
97%
3 669 491 DE Berlin
96%
3 266 126 ES Madryt
95%
2 155 240 RO Bukareszt
94%
5 398 064 RU Petersburg
92%
1 620 809 ES Barcelona
91%
1 723 836 HU Budapeszt
91%
1 484 226 DE Monachium
90%
1 324 277 CZ Praga
90%
1 714 142 AT Wiedeń
86%
1 847 253 DE Hamburg
85%
1 371 498 IT Mediolan
85%
2 020 600 BY Mińsk
85%
1 443 207 UA Charków
76%
1 221 785 BG Sofia
75%
1 372 565 SE Sztokholm
66%
1 087 863 DE Kolonia
59%
1 137 123 GB Birmingham
57%
1 018 669 UA Odessa
55%
1 257 391 RU Kazań
41%
1 008 998 RU Wołgograd
39%
1 252 236 RU Niżny Nowogród
37%
1 137 904 RU Rostów nad Donem
28%
1 128 787 RU Ufa
28%
1 055 397 RU Perm
26%
1 156 659 RU Samara
26%
1 058 261 RU Woroneż
18%
Nie znaleziono quizów pasujących do podanych kryteriów
Rozkład punktacji
Procent ludzi z każdym wynikiem
Percentyl według liczby udzielonych odpowiedzi
Twoja historia wyników
Nie rozwiązałeś tego quizu